|
|
|
|
| LEADER |
00000naa2a2200000 4500 |
| 001 |
622442 |
| 005 |
20231101133218.0 |
| 035 |
|
|
|a (RuTPU)RU\TPU\conf\21167
|
| 035 |
|
|
|a RU\TPU\conf\21166
|
| 090 |
|
|
|a 622442
|
| 100 |
|
|
|a 20170329d2016 k y0rusy50 ca
|
| 101 |
0 |
|
|a rus
|
| 102 |
|
|
|a RU
|
| 105 |
|
|
|a y z 101zy
|
| 135 |
|
|
|a drgn ---uucaa
|
| 181 |
|
0 |
|a i
|
| 182 |
|
0 |
|a b
|
| 200 |
1 |
|
|a Детские страхи в школьном периоде
|f И. Д. Пряхин, Г. А. Низкодубов
|
| 203 |
|
|
|a Текст
|c электронный
|
| 225 |
1 |
|
|a Психолого-педагогические аспекты современных технологий обучения
|
| 230 |
|
|
|a 1 компьютерный файл (pdf; 504 Кb)
|
| 300 |
|
|
|a Заглавие с титульного экрана
|
| 463 |
|
0 |
|0 (RuTPU)RU\TPU\conf\21107
|t Лингвистические и культурологические традиции и инновации
|o тезисы докладов XVI Международной научно-практической конференции, Томск, 11-13 октября 2016 г.
|f Национальный исследовательский Томский политехнический университет (ТПУ) ; под ред. Ю. В. Кобенко ; К. А. Гирфановой
|v [С. 159-160]
|d 2016
|
| 610 |
1 |
|
|a труды учёных ТПУ
|
| 610 |
1 |
|
|a электронный ресурс
|
| 610 |
1 |
|
|a эмоциональное состояние
|
| 610 |
1 |
|
|a страхи
|
| 610 |
1 |
|
|a эмоции
|
| 610 |
1 |
|
|a школы
|
| 610 |
1 |
|
|a образовательные учреждения
|
| 700 |
|
1 |
|a Пряхин
|b И. Д.
|
| 701 |
|
1 |
|a Низкодубов
|b Г. А.
|c лингвист
|c доцент Томского политехнического университета, кандидат педагогических наук
|f 1982-
|g Гавриил Анатольевич
|2 stltpush
|3 (RuTPU)RU\TPU\pers\29753
|
| 712 |
0 |
2 |
|a Национальный исследовательский Томский политехнический университет (ТПУ)
|b Энергетический институт (ЭНИН)
|b Кафедра электрических сетей и электротехники (ЭСиЭ)
|h 6979
|2 stltpush
|3 (RuTPU)RU\TPU\col\18677
|
| 801 |
|
2 |
|a RU
|b 63413507
|c 20170406
|g RCR
|
| 856 |
4 |
|
|u http://earchive.tpu.ru/handle/11683/37734
|
| 942 |
|
|
|c BK
|